[Event "22. Torneo de Otoño C.C.C. 2017"]
[Site "Colmenarejo ESP"]
[Date "2017.10.22"]
[Round "6.9"]
[White "Olmedo Alvarez, Marcos"]
[Black "Vazquez Rodriguez, Maria Elena"]
[Result "0-1"]
[WhiteElo "1360"]
[BlackElo "1561"]
[PlyCount "64"]
[EventDate "2017.09.17"]
[EventType "swiss"]
[EventRounds "7"]
[EventCountry "ESP"]
[SourceTitle "Ajedrez en Madrid"]
[Source "lmi"]
[SourceDate "2017.09.17"]

1. e4 c5 2. Nf3 Nc6 3. d4 cxd4 4. Nxd4 e5 5. Nxc6 bxc6 6. Nc3 Bc5 7. Bc4 Nf6 8.
O-O O-O 9. a3 a5 10. Re1 Ba6 11. Bxa6 Rxa6 12. Be3 Be7 13. Qd3 Ra8 14. Na4 d5
15. Bb6 Qb8 16. Qc3 Rc8 17. exd5 cxd5 18. Qxe5 Bd6 19. Qf5 Bxh2+ 20. Kh1 Rc4
21. b3 Rh4 22. Re3 Be5+ 23. Rh3 Rxh3+ 24. gxh3 Bxa1 25. Be3 Qe8 26. c3 Qe4+ 27.
Qxe4 Nxe4 28. Bd4 Nd2 29. Nc5 Nf3 30. Be3 Bxc3 31. Nd7 d4 32. Kg2 Nh4+ 0-1

[Event "22. Torneo de Otoño C.C.C. 2017"]
[Site "Colmenarejo ESP"]
[Date "2017.10.22"]
[Round "6.11"]
[White "Bahillo Vallejo, Ignacio"]
[Black "Guerra Pantojo, Daniel"]
[Result "1/2-1/2"]
[WhiteElo "1263"]
[BlackElo "1390"]
[PlyCount "43"]
[EventDate "2017.09.17"]
[EventType "swiss"]
[EventRounds "7"]
[EventCountry "ESP"]
[SourceTitle "Ajedrez en Madrid"]
[Source "lmi"]
[SourceDate "2017.09.17"]

1. d4 Nf6 2. Bg5 d5 3. c4 Ne4 4. Bf4 h6 5. h4 e6 6. a3 Qf6 7. e3 Bd6 8. Ne2
Bxf4 9. Nxf4 c6 10. Nc3 Nxc3 11. bxc3 g6 12. cxd5 exd5 13. c4 Be6 14. cxd5 cxd5
15. Nxe6 fxe6 16. Bb5+ Nc6 17. Qa4 Kd7 18. Rc1 Rhe8 19. g3 a6 20. Bd3 b5 21.
Qd1 Na5 22. O-O 1/2-1/2

[Event "22. Torneo de Otoño C.C.C. 2017"]
[Site "Colmenarejo ESP"]
[Date "2017.10.22"]
[Round "6.12"]
[White "Perez Rodrigo, Alicia"]
[Black "Rapaport, Andres Natalio"]
[Result "1-0"]
[WhiteElo "1377"]
[BlackElo "1362"]
[PlyCount "53"]
[EventDate "2017.09.17"]
[EventType "swiss"]
[EventRounds "7"]
[EventCountry "ESP"]
[SourceTitle "Ajedrez en Madrid"]
[Source "lmi"]
[SourceDate "2017.09.17"]

1. d4 d5 2. c4 e6 3. Nc3 c5 4. cxd5 exd5 5. Nf3 Nf6 6. e3 Be7 7. Be2 O-O 8. O-O
Bg4 9. Qc2 Bxf3 10. Bxf3 Qd7 11. dxc5 Nc6 12. Nxd5 Nxd5 13. Rd1 Ncb4 14. Qb3
Rad8 15. e4 Qc6 16. exd5 Qxc5 17. Be3 Qd6 18. a3 Na6 19. Qxb7 Rd7 20. Qc6 Nb8
21. Qxd6 Bxd6 22. Rac1 Rb7 23. b4 Nd7 24. Bc5 Bxc5 25. bxc5 Ne5 26. c6 Nxf3+
27. gxf3 1-0

[Event "22. Torneo de Otoño C.C.C. 2017"]
[Site "Colmenarejo ESP"]
[Date "2017.10.22"]
[Round "6.14"]
[White "Fernandez Pello-San Roman, Javier"]
[Black "Fernandez Pello-San Roman, Aaron"]
[Result "1/2-1/2"]
[WhiteElo "1251"]
[BlackElo "1102"]
[PlyCount "23"]
[EventDate "2017.09.17"]
[EventType "swiss"]
[EventRounds "7"]
[EventCountry "ESP"]
[SourceTitle "Ajedrez en Madrid"]
[Source "lmi"]
[SourceDate "2017.09.17"]

1. e4 e5 2. Nf3 Nc6 3. Bb5 Nf6 4. O-O Bc5 5. c3 O-O 6. Re1 d6 7. d4 Bb6 8. Bg5
Bg4 9. d5 Na5 10. b4 a6 11. bxa5 Bxa5 12. Bxa6 1/2-1/2

[Event "22. Torneo de Otoño C.C.C. 2017"]
[Site "Colmenarejo ESP"]
[Date "2017.10.29"]
[Round "7.1"]
[White "Minguez Greciano, Iluminada"]
[Black "Garcia Diaz, Alejandro"]
[Result "1-0"]
[WhiteElo "1836"]
[BlackElo "1763"]
[PlyCount "95"]
[EventDate "2017.09.17"]
[EventType "swiss"]
[EventRounds "7"]
[EventCountry "ESP"]
[SourceTitle "Ajedrez en Madrid"]
[Source "lmi"]
[SourceDate "2017.09.17"]

1. c4 e5 2. g3 Nf6 3. Bg2 Nc6 4. Nc3 Be7 5. d3 O-O 6. Nf3 d5 7. cxd5 Nxd5 8.
O-O Nb6 9. Be3 Be6 10. Rc1 f6 11. Nd2 Nd5 12. Nc4 Nxe3 13. Nxe3 Nd4 14. b3 c6
15. Nc4 Bg4 16. f3 Be6 17. e3 Nf5 18. Qe2 b5 19. Nb2 Qb6 20. Nbd1 Rae8 21. Re1
Bb4 22. Qc2 Ne7 23. Re2 Bf5 24. Nf2 Bc5 25. Ncd1 Ba3 26. Rb1 Rd8 27. b4 Be6 28.
Qc3 Qa6 29. f4 Nd5 30. Bxd5 Bxd5 31. Ne4 Bxe4 32. dxe4 Qa4 33. Nf2 Kh8 34. Rb3
Bxb4 35. Qxb4 Qa6 36. Rd2 Rde8 37. Rbd3 Qb6 38. a4 a5 39. Qb3 b4 40. Rd6 exf4
41. gxf4 Qc5 42. Qd3 h5 43. Rc2 Qa7 44. Rcxc6 Qf7 45. f5 h4 46. Qd1 Re5 47. Rd7
Qg8 48. Rcc7 1-0

[Event "22. Torneo de Otoño C.C.C. 2017"]
[Site "Colmenarejo ESP"]
[Date "2017.10.29"]
[Round "7.2"]
[White "Lopez Perolio, Jorge"]
[Black "Juez Gastanaga, Aitor"]
[Result "1-0"]
[WhiteElo "1957"]
[BlackElo "1718"]
[PlyCount "109"]
[EventDate "2017.09.17"]
[EventType "swiss"]
[EventRounds "7"]
[EventCountry "ESP"]
[SourceTitle "Ajedrez en Madrid"]
[Source "lmi"]
[SourceDate "2017.09.17"]

1. e4 c5 2. d4 cxd4 3. c3 Nf6 4. e5 Nd5 5. Nf3 Nc6 6. Bc4 Nb6 7. Bb3 d5 8. exd6
Qxd6 9. O-O Bf5 10. cxd4 Rd8 11. Nc3 a6 12. Be3 e6 13. Re1 Be7 14. Qc1 O-O 15.
Bf4 Qd7 16. Rd1 Nb4 17. Ne5 Qc8 18. a3 N4d5 19. Nxd5 Nxd5 20. Bg3 Nf6 21. f3
Qxc1 22. Raxc1 Rc8 23. Nc4 Nd5 24. Re1 Bg5 25. Rcd1 b5 26. Nd6 Bc2 27. Bxd5
Bxd1 28. Nxc8 Rxc8 29. Bxe6 fxe6 30. Rxd1 Rc1 31. Re1 Rxe1+ 32. Bxe1 Be3+ 33.
Kf1 Bxd4 34. Bc3 Bf6 35. Ke2 Kf7 36. Kd3 Bxc3 37. Kxc3 e5 38. Kb4 Ke6 39. Ka5
Kd6 40. Kxa6 Kc6 41. Ka5 g5 42. a4 bxa4 43. Kxa4 h5 44. h3 g4 45. hxg4 hxg4 46.
b4 gxf3 47. gxf3 Kb6 48. b5 Kb7 49. Ka5 Ka7 50. b6+ Kb7 51. Kb5 Kb8 52. Kc6 Kc8
53. Kd6 Kb7 54. Kxe5 Kxb6 55. Ke6 1-0

[Event "22. Torneo de Otoño C.C.C. 2017"]
[Site "Colmenarejo ESP"]
[Date "2017.10.29"]
[Round "7.3"]
[White "Orta Vazquez, Mario"]
[Black "Serrano Martinez, Francisco Jose"]
[Result "0-1"]
[WhiteElo "1424"]
[BlackElo "1851"]
[PlyCount "97"]
[EventDate "2017.09.17"]
[EventType "swiss"]
[EventRounds "7"]
[EventCountry "ESP"]
[SourceTitle "Ajedrez en Madrid"]
[Source "lmi"]
[SourceDate "2017.09.17"]

1. Nf3 e6 2. c4 d5 3. cxd5 exd5 4. d4 Nf6 5. Nc3 c6 6. Qc2 Bd6 7. Bg5 Nbd7 8.
e4 dxe4 9. Nxe4 Bb4+ 10. Bd2 Bxd2+ 11. Nfxd2 O-O 12. Bd3 h6 13. O-O Nd5 14. a3
N7b6 15. h3 Nf4 16. Nf3 Nxd3 17. Qxd3 Be6 18. b3 Bd5 19. Rfe1 Re8 20. Nc5 Qc7
21. Re3 Bxf3 22. Rxf3 Nd5 23. Qd2 Re7 24. Re1 Rae8 25. Rxe7 Qxe7 26. b4 Qc7 27.
Nd3 f6 28. Nf4 Qf7 29. Nxd5 Qxd5 30. Re3 Re5 31. Qb2 Re4 32. Rxe4 Qxe4 33. Qb3+
Kf8 34. Qe3 Qb1+ 35. Kh2 Qf5 36. Qg3 Qc8 37. Qd6+ Kf7 38. g4 a6 39. f4 Qe6 40.
Qc7+ Qe7 41. Qxe7+ Kxe7 42. Kg3 Kd6 43. Kf3 Kd5 44. Ke3 b6 45. Kd3 g6 46. h4 f5
47. g5 hxg5 48. hxg5 b5 49. Ke3 0-1

[Event "22. Torneo de Otoño C.C.C. 2017"]
[Site "Colmenarejo ESP"]
[Date "2017.10.29"]
[Round "7.4"]
[White "Mataix Fernandez, Ricardo"]
[Black "Olmedo Aznar, Eduardo"]
[Result "0-1"]
[WhiteElo "1762"]
[BlackElo "1542"]
[PlyCount "84"]
[EventDate "2017.09.17"]
[EventType "swiss"]
[EventRounds "7"]
[EventCountry "ESP"]
[SourceTitle "Ajedrez en Madrid"]
[Source "lmi"]
[SourceDate "2017.09.17"]

1. d4 Nf6 2. Bf4 e6 3. Nf3 c5 4. e3 d5 5. c3 Nc6 6. Bd3 c4 7. Bc2 Bd6 8. Nbd2
Bxf4 9. exf4 Qc7 10. Ne5 Nxe5 11. fxe5 Ng8 12. O-O f5 13. exf6 Nxf6 14. Nf3 O-O
15. Ne5 Bd7 16. Qe2 b5 17. Rae1 Rae8 18. g4 Bc8 19. g5 Ne4 20. Bxe4 dxe4 21.
Qxe4 Bb7 22. Qg4 Rf5 23. Re3 Qd8 24. h4 Qd5 25. f3 Ref8 26. Rfe1 Qd8 27. Qg3
Bd5 28. R1e2 Qb8 29. Rf2 b4 30. Qg2 Qb7 31. cxb4 Qxb4 32. Rc3 Rf4 33. h5 Rxd4
34. h6 Qd6 35. g6 Qxe5 36. gxh7+ Kxh7 37. hxg7 Qxg7 38. Ra3 Rd1+ 39. Kh2 Qh6+
40. Qh3 Rh1+ 41. Kxh1 Qxh3+ 42. Rh2 Bxf3+ 0-1

[Event "22. Torneo de Otoño C.C.C. 2017"]
[Site "Colmenarejo ESP"]
[Date "2017.10.29"]
[Round "7.5"]
[White "Criado Herrero, Luis"]
[Black "Garcia Fernandez, Jose Luis"]
[Result "1/2-1/2"]
[WhiteElo "1526"]
[BlackElo "1759"]
[PlyCount "50"]
[EventDate "2017.09.17"]
[EventType "swiss"]
[EventRounds "7"]
[EventCountry "ESP"]
[SourceTitle "Ajedrez en Madrid"]
[Source "lmi"]
[SourceDate "2017.09.17"]

1. e4 c6 2. Nf3 d5 3. exd5 cxd5 4. d4 Nc6 5. c3 Bg4 6. Bf4 Nf6 7. Bb5 Bxf3 8.
Qxf3 e6 9. Nd2 Be7 10. O-O O-O 11. Rfe1 Re8 12. Qh3 Nd7 13. Bd3 Nf8 14. Nf3 Bf6
15. Qg3 Ng6 16. Bxg6 hxg6 17. h4 Ne7 18. Qh3 Nf5 19. g3 Rc8 20. h5 g5 21. Be5
Nh6 22. g4 Rc6 23. Qg3 Qe7 24. Nd2 Bxe5 25. Rxe5 Qc7 1/2-1/2

[Event "22. Torneo de Otoño C.C.C. 2017"]
[Site "Colmenarejo ESP"]
[Date "2017.10.29"]
[Round "7.6"]
[White "Alonso Saiz, Luis"]
[Black "Urruti Diaz, Anibal Agustin"]
[Result "0-1"]
[WhiteElo "1508"]
[BlackElo "1681"]
[PlyCount "66"]
[EventDate "2017.09.17"]
[EventType "swiss"]
[EventRounds "7"]
[EventCountry "ESP"]
[SourceTitle "Ajedrez en Madrid"]
[Source "lmi"]
[SourceDate "2017.09.17"]

1. e4 e5 2. Nf3 Nc6 3. Bc4 Nf6 4. Nc3 Bc5 5. O-O O-O 6. d3 h6 7. Re1 d6 8. Be3
Bxe3 9. Rxe3 Bg4 10. h3 Bh5 11. Qd2 Nd4 12. g4 Bg6 13. Ne2 Ne6 14. Nh4 Nxe4 15.
dxe4 Qxh4 16. Kg2 Ng5 17. Bd3 h5 18. f4 exf4 19. Nxf4 hxg4 20. hxg4 Rfe8 21.
Rh1 Qxg4+ 22. Rg3 Bxe4+ 23. Bxe4 Nxe4 24. Rxg4 Nxd2 25. Rgh4 Kf8 26. Rh8+ Ke7
27. Nd5+ Kd7 28. R8h7 Re5 29. Nc3 Rg5+ 30. Kf2 Re8 31. Ne2 Re6 32. Ke1 Rg2 33.
Kxd2 Rexe2+ 0-1

[Event "22. Torneo de Otoño C.C.C. 2017"]
[Site "Colmenarejo ESP"]
[Date "2017.10.29"]
[Round "7.7"]
[White "Criado Riesgo, Manuel"]
[Black "Perez Rodrigo, Alicia"]
[Result "0-1"]
[WhiteElo "1646"]
[BlackElo "1377"]
[PlyCount "90"]
[EventDate "2017.09.17"]
[EventType "swiss"]
[EventRounds "7"]
[EventCountry "ESP"]
[SourceTitle "Ajedrez en Madrid"]
[Source "lmi"]
[SourceDate "2017.09.17"]

1. d4 f5 2. c4 Nf6 3. Nc3 g6 4. g3 Bg7 5. Bg2 c6 6. Bg5 O-O 7. e3 d6 8. Bxf6
Bxf6 9. Nge2 Nd7 10. d5 c5 11. Nf4 Nb6 12. Qd3 Rb8 13. e4 Qe8 14. Nb5 e5 15.
dxe6 Bxe6 16. Nc7 Bxc4 17. Nxe8 Bxd3 18. Nxf6+ Rxf6 19. Nxd3 fxe4 20. Bxe4 Re8
21. f3 Rxf3 22. Ke2 Rf6 23. Ke3 Nc4+ 24. Ke2 Rxe4+ 25. Kd1 Rd4 26. Kc2 Ne5 27.
Nxe5 dxe5 28. Rhf1 Rxf1 29. Rxf1 Rd6 30. Re1 Re6 31. Kc3 Kf7 32. Kc4 b6 33. Kd5
Kf6 34. Rf1+ Ke7 35. Re1 Rd6+ 36. Ke4 Ke6 37. Re2 Rd4+ 38. Ke3 e4 39. Rf2 h5
40. Rf8 Ke5 41. Re8+ Kf5 42. Rf8+ Kg4 43. Rf4+ Kh3 44. Rh4+ Kg2 45. Kf4 e3+ 0-1

[Event "22. Torneo de Otoño C.C.C. 2017"]
[Site "Colmenarejo ESP"]
[Date "2017.10.29"]
[Round "7.9"]
[White "Dominguez Coig, Alvaro"]
[Black "Guerra Pantojo, Daniel"]
[Result "1-0"]
[WhiteElo "1575"]
[BlackElo "1390"]
[PlyCount "71"]
[EventDate "2017.09.17"]
[EventType "swiss"]
[EventRounds "7"]
[EventCountry "ESP"]
[SourceTitle "Ajedrez en Madrid"]
[Source "lmi"]
[SourceDate "2017.09.17"]

1. e4 c5 2. Nf3 Nc6 3. d4 cxd4 4. Nxd4 a6 5. Nc3 e5 6. Nb3 Nf6 7. Bg5 Bb4 8.
Qd3 h6 9. Bh4 Be7 10. O-O-O a5 11. f3 a4 12. Nd2 b6 13. Nc4 O-O 14. g4 g5 15.
Bg3 Ba6 16. Qd2 Bxc4 17. Bxc4 d6 18. h4 Nh7 19. Kb1 Kg7 20. hxg5 Nxg5 21. f4
exf4 22. Bxf4 Ne5 23. Bxe5+ dxe5 24. Qh2 Rh8 25. Rxd8 Raxd8 26. Qxe5+ Bf6 27.
Qf5 Rhe8 28. Bd5 Rc8 29. Nxa4 b5 30. Nb6 Rc7 31. Nd7 Bd8 32. e5 Re7 33. Qf6+
Kg8 34. Qg6+ Kh8 35. Rxh6+ Nh7 36. Rxh7# 1-0

[Event "22. Torneo de Otoño C.C.C. 2017"]
[Site "Colmenarejo ESP"]
[Date "2017.10.29"]
[Round "7.10"]
[White "Peña Hernandez, Francisco"]
[Black "Bahillo Vallejo, Ignacio"]
[Result "1-0"]
[WhiteElo "1516"]
[BlackElo "1263"]
[PlyCount "115"]
[EventDate "2017.09.17"]
[EventType "swiss"]
[EventRounds "7"]
[EventCountry "ESP"]
[SourceTitle "Ajedrez en Madrid"]
[Source "lmi"]
[SourceDate "2017.09.17"]

1. c4 e5 2. Nc3 Nc6 3. d3 Bc5 4. Nf3 d6 5. g3 Bg4 6. Bg2 Nf6 7. h3 Bh5 8. O-O
O-O 9. a3 a5 10. Qc2 Bxf3 11. exf3 h6 12. f4 Nh5 13. Ne4 Bb6 14. fxe5 dxe5 15.
Kh2 f5 16. Nc3 f4 17. Bd5+ Kh8 18. Ne4 fxg3+ 19. Nxg3 Nxg3 20. Kxg3 Nd4 21. Qd1
c6 22. Be4 Nf5+ 23. Kh2 Qh4 24. Qg4 Qxg4 25. hxg4 Nd6 26. Kg3 Nxe4+ 27. dxe4
Rad8 28. b4 axb4 29. axb4 Rd4 30. Be3 Rd3 31. c5 Bc7 32. Rfd1 Rfd8 33. Rxd3
Rxd3 34. Ra7 Rb3 35. Rxb7 Ba5 36. Re7 Bxb4 37. Rxe5 Kh7 38. Kf4 Kg6 39. Re6+
Kf7 40. Rxc6 Rc3 41. Rc7+ Kf8 42. Bd4 g5+ 43. Kf5 Rc4 44. Bg7+ Ke8 45. Bxh6 Kd8
46. Rc6 Kd7 47. Rd6+ Kc7 48. Rd5 Bxc5 49. Rd2 Bb4 50. Rb2 Rc5+ 51. Kg6 Rc6+ 52.
Kh5 Bc3 53. Rc2 Kd6 54. Bxg5 Ke5 55. f3 Rc7 56. Kg6 Rc6+ 57. Kf7 Kd4 58. Bf6+
1-0

[Event "22. Torneo de Otoño C.C.C. 2017"]
[Site "Colmenarejo ESP"]
[Date "2017.10.29"]
[Round "7.11"]
[White "Almodovar Manzanares, Vicente"]
[Black "Olmedo Alvarez, Jesus"]
[Result "1/2-1/2"]
[WhiteElo "1537"]
[BlackElo "1344"]
[PlyCount "83"]
[EventDate "2017.09.17"]
[EventType "swiss"]
[EventRounds "7"]
[EventCountry "ESP"]
[SourceTitle "Ajedrez en Madrid"]
[Source "lmi"]
[SourceDate "2017.09.17"]

1. c4 Nf6 2. d4 g6 3. Bg5 Bg7 4. e3 d6 5. Nc3 O-O 6. e4 e5 7. d5 a5 8. a3 Nbd7
9. b4 h6 10. Bh4 Re8 11. Bd3 Nf8 12. Nge2 g5 13. Bg3 Bg4 14. h3 Bd7 15. O-O Qc8
16. Kh2 Nh5 17. f3 Ng6 18. Bf2 Ngf4 19. g4 Nxe2 20. Nxe2 Nf4 21. Ng3 axb4 22.
axb4 Rxa1 23. Qxa1 Nxd3 24. Qc3 Nxf2 25. Rxf2 f6 26. Ra2 b6 27. b5 Qb7 28. Qa1
Qc8 29. Ra7 Qd8 30. Qa3 Qe7 31. Rb7 Rc8 32. Qa7 Qd8 33. Qa3 Ra8 34. Ra7 Rxa7
35. Qxa7 Kh7 36. Kg2 Qc8 37. Kf2 Kg6 38. Ke3 Kh7 39. Kd3 Kg6 40. Ke3 Kh7 41.
Kd3 Kg6 42. Ke3 1/2-1/2

[Event "22. Torneo de Otoño C.C.C. 2017"]
[Site "Colmenarejo ESP"]
[Date "2017.10.29"]
[Round "7.12"]
[White "Peña Negueruela, Francisco"]
[Black "Olmedo Alvarez, Marcos"]
[Result "0-1"]
[WhiteElo "1286"]
[BlackElo "1360"]
[PlyCount "72"]
[EventDate "2017.09.17"]
[EventType "swiss"]
[EventRounds "7"]
[EventCountry "ESP"]
[SourceTitle "Ajedrez en Madrid"]
[Source "lmi"]
[SourceDate "2017.09.17"]

1. d4 Nf6 2. c4 e5 3. dxe5 Ng4 4. Qd4 d6 5. Bf4 Nc6 6. Qc3 dxe5 7. Bd2 Bb4 8.
Qd3 O-O 9. a3 Qxd3 10. exd3 Bc5 11. Nh3 Nd4 12. Bb4 Bxb4+ 13. axb4 Nc2+ 14. Kd1
Nxa1 15. Be2 Nb3 16. f3 Ne3+ 17. Ke1 Nxg2+ 18. Kf2 Bxh3 19. Bd1 Nd4 20. Nc3 a5
21. b5 c6 22. Kg3 Nf4 23. Re1 f6 24. b6 Nf5+ 25. Kf2 Nxd3+ 26. Ke2 Nxe1 27.
Kxe1 Rad8 28. Bb3 Nd4 29. Bd1 Bg2 30. Kf2 Bxf3 31. Bxf3 Nxf3 32. Kxf3 Rd2 33.
Na4 Rxh2 34. Kg3 Rc2 35. b3 Rd8 36. Nc5 Rc3+ 0-1

[Event "22. Torneo de Otoño C.C.C. 2017"]
[Site "Colmenarejo ESP"]
[Date "2017.10.29"]
[Round "7.13"]
[White "Rapaport, Andres Natalio"]
[Black "Fernandez Pello-San Roman, Javier"]
[Result "1-0"]
[WhiteElo "1362"]
[BlackElo "1251"]
[PlyCount "41"]
[EventDate "2017.09.17"]
[EventType "swiss"]
[EventRounds "7"]
[EventCountry "ESP"]
[SourceTitle "Ajedrez en Madrid"]
[Source "lmi"]
[SourceDate "2017.09.17"]

1. d4 Nf6 2. Bf4 e6 3. e3 b6 4. Be2 Bb7 5. Nf3 d5 6. O-O Nc6 7. Nbd2 Bd6 8. Ne5
O-O 9. Bb5 Nxe5 10. dxe5 Ne4 11. exd6 Nxd6 12. Bd3 Re8 13. Qh5 h6 14. Bxh6 gxh6
15. Qxh6 f5 16. Nf3 Nf7 17. Qg6+ Kf8 18. Nd4 Bc8 19. Bb5 Bd7 20. Nc6 Bxc6 21.
Bxc6 1-0

[Event "22. Torneo de Otoño C.C.C. 2017"]
[Site "Colmenarejo ESP"]
[Date "2017.10.29"]
[Round "7.15"]
[White "Fernandez Pello-San Roman, Aaron"]
[Black "Anton Ortiz, Javier"]
[Result "0-1"]
[WhiteElo "1102"]
[BlackElo "1201"]
[PlyCount "68"]
[EventDate "2017.09.17"]
[EventType "swiss"]
[EventRounds "7"]
[EventCountry "ESP"]
[SourceTitle "Ajedrez en Madrid"]
[Source "lmi"]
[SourceDate "2017.09.17"]

1. e4 e5 2. Nf3 Nc6 3. Bb5 d6 4. O-O Bd7 5. Nc3 Be7 6. d3 Nf6 7. Bg5 Bg4 8. Re1
O-O 9. a3 Nd4 10. h3 Bxf3 11. gxf3 c6 12. Bc4 Qd7 13. Kh2 Nh5 14. Rg1 Bxg5 15.
Rxg5 Nf4 16. Rg3 h5 17. h4 b5 18. Ba2 Qd8 19. Rg5 Nde6 20. Bxe6 fxe6 21. Ne2
Qe7 22. Nxf4 Rxf4 23. Kg3 Rxh4 24. Kxh4 Rf8 25. Kxh5 Qe8+ 26. Kg4 Rf4+ 27. Kg3
Qd8 28. Rh5 g6 29. Rh6 Qg5+ 30. Kh2 Qxh6+ 31. Kg2 Rh4 32. Qg1 Rh3 33. Re1 Rh5
34. Kf1 Rh1 0-1